| 000 | 00837nam a2200205 i 4500 | ||
|---|---|---|---|
| 001 | 139437 | ||
| 003 | ES-MaACL | ||
| 005 | 20230906195814.0 | ||
| 007 | t| | ||
| 008 | 070214s1957 sp a |||| | spa d | ||
| 100 | 1 |
_aSchaltenbrand, Georges. _9104225 |
|
| 245 | 1 | 0 |
_aEnfermedades del sistema nervioso / _cDr. Georges Schaltenbrand ; traducción de la 1ª ed. alemana por los doctores N. Lloret Barber y José Mª Masriera y Sagalés ; prólogo para la edición española por B. Rodríguez Arias. |
| 260 |
_aBarcelona : _bCientífico-Médica, _c1957. |
||
| 300 |
_aXXVIII, 866 p. : _bil. ; _c25 cm. |
||
| 650 | 0 | 4 |
_aSistema nervioso- _xEnfermedades. _917135 |
| 700 | 1 |
_aLloret Barber, N. _972921 |
|
| 700 | 1 |
_aMasriera y Sagalés, José María. _978779 |
|
| 700 | 1 |
_aRodríguez Arias, Belarmino. _998347 |
|
| 852 |
_aES-MaACL _jC-11712 |
||
| 999 |
_c139437 _d139437 |
||